000 01266nam a22003617a 4500
001 0000386
003 KOHA_MİRAKIL
005 20260207001208.0
007 ta
008 210616b2003 tu |||gr||||#||||0|tur |
020 _a9755915214
_cYTL17,690000000000001
040 _aTR-BiSEU
_btur
_cTR-BiSEU
_erda
041 0 _atur
044 _ctu
050 _aHF5547
_b.O98 2003
100 1 _aÖztürk Başpınar, Nuran.
245 1 _aBüro yönetimi ve sekreterlikte örnek olay analizi/
_cNuran Öztürk Başpınar ; Nuran Başpınar Öztürk.
264 1 _aAnkara :
_bNobel Yayınları
_c2003
300 _a346 sayfa; 25 cm.
336 _ametin
_btxt
_2rdacontent
337 _aaracısız
_bn
_2rdamedia
338 _acilt
_bnc
_2rdacarrier
490 1 _aNobel ;
_vyayın no.
490 1 _a542 Hukuk, işletme, iktisat ve iletişim yayınları ;
_vdizi no.11
650 0 _aBüro yönetimi--Sekreterlik--Analizler.
_92453
650 0 _aBüro işleri--Örnek olaylar.
_92454
650 0 _aBüro yönetimi--Örnek olaylar.
_92455
650 0 _aBüro yönetimi.
_92456
650 0 _aOffice management.
_92457
830 1 _aNobel ;
_vyayın no.
_91846
830 1 _a542 Hukuk, işletme, iktisat ve iletişim yayınları ;
_vdizi no.11
_92458
942 _2lcc
_cBK
999 _c387
_d387